New Zealand National Party Leaders - Statistics

General Stats
  • This quiz has been taken 35 times
    14 since last reset
  • The average score is 13 of 16
Answer Stats
Year Leader % Correct
2001-2003 Bill English
100%
2016-2018 Bill English
100%
2021- Christopher Luxon
100%
2006-2016 John Key
100%
2020-2021 Judith Collins
100%
1974-1984 Robert Muldoon
100%
1986-1997 Jim Bolger
92%
1957-1972 Keith Holyoake
92%
2018-2020 Simon Bridges
92%
1997-2001 Jenny Shipley
83%
2020 Todd Muller
83%
2003-2006 Don Brash
75%
1940-1957 Sidney Holland
67%
1972-1974 Jack Marshall
58%
1936-1940 Adam Hamilton
33%
1984-1986 Jim McLay
33%
No matching quizzes found
Score Distribution
Percent of People with Each Score
Percentile by Number Answered
Your Score History
You have not taken this quiz since the last reset